| 000 | 00523nam a2200217Ia 4500 | ||
|---|---|---|---|
| 005 | 20250425162452.0 | ||
| 008 | 250425s9999 xx 000 0 und d | ||
| 020 | _a9786074427004 | ||
| 041 | _aspa | ||
| 082 | _a658.40355 | ||
| 100 | _aHANKE, JOHN E. | ||
| 245 | 0 | _aPRONOSTICOS EN LOS NEGOCIOS | |
| 250 | _a9A ED. | ||
| 260 | _aMEXICO | ||
| 260 |
_aMéxico _bPEARSON EDUCACION _c2010 |
||
| 300 | _a576 | ||
| 650 | _aPREDICCION DE NEGOCIOS | ||
| 650 | _aTECNICAS ESTADISTICAS | ||
| 942 | _c01 | ||
| 010 | _a76343 | ||
| 999 |
_c229879 _d229879 |
||